| 000 | 01392cam a22003377a 4500 | ||
|---|---|---|---|
| 090 | _c0 | ||
| 001 | 13973788 | ||
| 005 | 20070522144105.0 | ||
| 008 | 050518s2005 nyua 001 0 eng d | ||
| 010 | _a 2005276259 | ||
| 020 | _a0471697044 | ||
| 035 | _a(OCoLC)ocm57496506 | ||
| 040 |
_aVYR _cVYR _dOCLCQ _dDLC |
||
| 042 | _alccopycat | ||
| 050 | 0 | 0 |
_aQA76.73.J38 _bH6754 2005 |
| 082 | 0 | 0 |
_a005.133 _222 _bHOR |
| 100 | 1 |
_aHorstmann, Cay S., _d1959- |
|
| 245 | 1 | 0 |
_aJava Concepts / _cCay Horstmann. |
| 250 | _a4th ed. | ||
| 260 |
_aNew York : _bWiley, _cc2005. |
||
| 300 |
_axxxi, 954 p. : _bill. (some col.) ; _c24 cm. |
||
| 500 | _aIncludes index. | ||
| 650 | 0 | _aJava (Computer program language) | |
| 650 | 0 | _aElectronic data processing. | |
| 856 | 4 | 2 |
_3Publisher description _uhttp://www.loc.gov/catdir/enhancements/fy0626/2005276259-d.html |
| 856 | 4 | 1 |
_3Table of contents only _uhttp://www.loc.gov/catdir/enhancements/fy0626/2005276259-t.html |
| 856 | 4 | 2 |
_3Contributor biographical information _uhttp://www.loc.gov/catdir/enhancements/fy0704/2005276259-b.html |
| 942 |
_2ddc _cBB |
||
| 999 |
_c10489 _d10489 |
||